MARC

LEADER 00000nam0a2200000 4500
001 147719
005 20231101221318.0
010 |a 5368002580 
020 |a RU  |b 89-15161 
035 |a (RuTPU)RU\TPU\book\160108 
090 |a 147719 
100 |a 20081119d1989 d y0rusy5003 ca 
101 0 |a rus 
102 |a MD 
105 |a a z 000ab 
200 1 |a Жизнь Ленина  |e повесть для детей  |f М. П. Прилежаева  |g худож. О. Г. Верейский 
210 |a Кишинев  |c Литература артистикэ  |d 1989 
215 |a 218,[4] с.  |c ил.  |d 22 см 
225 1 |a Серия "Наш Ильич" 
600 1 |a Ленин  |b В. И.  |c настоящая фамилия Ульянов  |c российский политический деятель  |f 1870-1924  |g Владимир Ильич  |2 stltpush  |3 (RuTPU)RU\TPU\pers\1074  |9 486 
610 1 |a советская литература 
610 1 |a повести 
610 1 |a детская литература 
675 |a Р2  |z rus 
700 1 |a Прилежаева  |b М. П.  |g Мария Павловна  |4 070 
702 1 |a Верейский  |b О. Г.  |4 440 
801 0 |a RU  |b RuMRKP  |c 19950417  |g psbo 
801 1 |a RU  |b 63413507  |c 20081119  |g PSBO 
801 2 |a RU  |b 63413507  |c 20090915  |g PSBO 
942 |c BK